Právne normy kvality potravín a európske potravinové právo
Právo človeka na výživovo adekvátne a zdravotne neškodné potraviny. Codex Alimentarius a jeho ciele. Zmeny v oblasti kontroly dovozu potravín - princíp ekvivalencie. Potravinová legislatíva štátov sa prispôsobuje legislatíve EÚ. Harmonizácia potravinového práva Slovenskej republiky s legislatívou EÚ...
Salvato in:
| Autore principale: | |
|---|---|
| Altri autori: | |
| Natura: | Capitolo di libro |
| Lingua: | slovacco |
| Soggetti: | |
| Tags: |
Nessun Tag, puoi essere il primo ad aggiungerne!!
|
MARC
| LEADER | 00000naa$a2200000$$$4500 | ||
|---|---|---|---|
| 001 | 0019256 | ||
| 005 | 20240502071407.9 | ||
| 041 | 0 | |a slo | |
| 044 | |a SK | ||
| 245 | 1 | 0 | |a Právne normy kvality potravín a európske potravinové právo |c Alica Lacková, Marta Karkalíková |
| 520 | |a Právo človeka na výživovo adekvátne a zdravotne neškodné potraviny. Codex Alimentarius a jeho ciele. Zmeny v oblasti kontroly dovozu potravín - princíp ekvivalencie. Potravinová legislatíva štátov sa prispôsobuje legislatíve EÚ. Harmonizácia potravinového práva Slovenskej republiky s legislatívou EÚ. Zákon o potravinách a Smernice, novelizácia. Úprava podmienok dovozu a vývozu. Zásady správnej výrobnej praxe. Rýchly výstražný systém pre potraviny. Potravinová bezpečnosť, ochrana spotrebiteľa. Potravinový kódex SR. | ||
| 610 | 2 | 0 | |a potraviny |
| 610 | 2 | 0 | |a bezpečnosť potravinová |
| 610 | 2 | 0 | |a kvalita výrobkov |
| 610 | 2 | 0 | |a legislatíva |
| 610 | 2 | 0 | |a aproximácia práva |
| 610 | 2 | 0 | |a Slovensko |
| 610 | 2 | 0 | |a Európska únia |
| 100 | 1 | |a Lacková, Alica | |
| 700 | 1 | |a Karkalíková, Marta | |